Rozprávanie o Liptovskej Mare

Podrobná bibliografia
Hlavný autor: Stadtrucker, Ivan, 1935-2017 (Autor)
Médium: Článok
Jazyk:slovenčina
Fyzický popis:Fot. 1.
Predmet:

MARC

LEADER 00000nab a2200000 a 4500
001 vtls000352672
003 SK-MaSNL
005 20260302230132.0
008 140422c1989 xo 0 slo
015 |a SNBRB19rr/mm-uuuuu 
035 |a CL0352794 
040 |a SNKBUCL  |b slo  |c SNKBUCL  |e AACR2 
041 0 |a slo 
044 |a xo  |c SK 
080 |a 885.4-3  |2 1981 
100 1 |a Stadtrucker, Ivan,  |d 1935-2017  |4 aut  |9 14473 
245 1 0 |a Rozprávanie o Liptovskej Mare  |c Ivan Stadtrucker 
300 |b Fot. 1. 
500 |a Pozn. o autorovi. 
650 0 7 |a poviedky psychologické  |2 snkbucl  |9 893883 
655 7 |a články z novín a časopisov  |2 snkbucl  |9 267496 
655 7 |a články z odboru literárna veda a krásna literatúra  |2 snkbucl  |9 770045 
773 0 |t Literárny týždenník  |g Roč. 2, č. 19 (1989), s. 6-7 
850 |a Slovenská národná knižnica v Martine  |a MTA001 
852 |a SNK  |b KIS3GCP 
958 |a RK 
958 |a LX 
999 |c 1532331  |d 1534261